000 00325nam a2200145Ia 4500
003 OSt
005 20240309161958.0
008 170524s9999 xx 000 0 und d
020 _aNIL
040 _cIIMTU MEERUT
100 _aANAND -M.L.
245 0 _aELECTRONIC DEVICES & CIRCUITS - I
260 _bKASTON
942 _2ddc
_c02
999 _c7679
_d7679